Soykırım tacirleri ve gerçekler (Record no. 8010)

MARC details
000 -BAŞLIK
Sabit Uzunlukta Kontrol Alanı 00896na a2200265 4500
001 - KONTROL NUMARASI
Denetim Alanı 15186
003 - KONTROL NUMARASI IDENTIFIER
Denetim Alanı MIRAKIL
005 - SON İŞLEM TARİHİ VE ZAMANI
Denetim Alanı 20181213155157.0
008 - SABİT-BOY VERİ ELEMANLARI - GENEL BİLGİLER
Sabit Uzunlukta Kontrol Alanı 161102b tu 000 0
020 ## - ULUSLARARASI STANDART KİTAP NUMARASI
Uluslararası Standart Kitap Numarası 9789944250351
035 ## - SİSTEM KONTROL NUMARASI
Sistem Kontrol Numarası 15186
040 ## - KATALOGLAMA KAYNAK
Orijinal Kataloglama Ajansı Milas
Kataloglama Dili tur
Metne Dönüştürmek Ajansı TR-AnCHP
082 ## - DEWEY ONLU SINIFLANDIRMA NUMARASI
Sınıflandırma Numarası 956.109
Ürün Numarası A92s 2009
090 ## - SINIFLAMA NUMARASI
Sınıflama Numarası 956.109 A92s 2009
100 ## - ANA GİRİŞ - KİŞİSEL İSİM
Kişisel Ad Aya, Şükrü Server
245 ## - BAŞLIK TABLOSU
Başlık Soykırım tacirleri ve gerçekler
Başlığın Kalan Türk aleyhtarları ve tarafsız yabancı belgelerle diaspora yalanlarının içyüzü
Sorumluluk Tablosu, Vb Şükrü Server Aya
246 ## - UNVAN FORM VARYING
Başlık Doğru / Kısa Başlığı Türk aleyhtarları ve tarafsız yabancı belgelerle diaspora yalanlarının içyüzü
260 ## - YAYIN, DAĞITIM, VB
Yayın, Dağıtım, Vb Yeri İstanbul
Yayıncı, Dağıtıcı, Vs Adı Derin Yayınları
Yayın, Dağıtım, Vb Tarihi 2009
300 ## - FİZİKSEL TANIM
Kapsam 496 s.
Boyutlar 24 sm.
490 ## - SERİSİ TABLOSU
Seri Beyanı Derin yayınları
Hacim / Ardışık Tanımı 128
650 ## - KONU KATMA GİRİŞ - TOPİKAL DÖNEM
Topikal Süreli Veya Coğrafi Ad Giriş Elemanı Ermeni sorunu
Genel Alt Bölümü Tarih
650 ## - KONU KATMA GİRİŞ - TOPİKAL DÖNEM
Topikal Süreli Veya Coğrafi Ad Giriş Elemanı Ermeniler
Genel Alt Bölümü Siyaset ve yönetim
Coğrafi Alt Bölümü Türkiye
651 ## - KONU KATMA GİRİŞ - COĞRAFİ ADI
Coğrafi İsim Türkiye
942 ## - EKLENDİ GİRİŞ ELEMANLARI (KOHA)
Sınıflandırma Veya Raf Düzeni Kaynak Dewey Decimal Classification
Koha Öğesi Türü Books
999 ## - SİSTEM KONTROL NUMARALARI (KOHA)
Koha Biblionumber 8010
Koha Biblioitemnumber 8010
Holdings
Kalıcı Konum Mevcut Konum Edinme Tarihi Edinim Kaynak Toplam Check-Out'Lar Tam Çağrı Numarası Barkod Tarih Son Görülme İtibaren Geçerli Fiyatlar Koha Öğesi Türü
CHP Kütüphanesi CHP Kütüphanesi 09/05/2016 Bağış   956.109 A92s 2009 005006 09/05/2016 09/05/2016 Books